| 000 | 00723nam a2200205Ii 4500 | ||
|---|---|---|---|
| 003 | JO-AjNU | ||
| 008 | 230606s9999||||xx |||||||||||||| ||und|| | ||
| 020 | _a978-84-16982-10-3 | ||
| 040 |
_aJO-AjNU _beng _erda _cJO-AjNU |
||
| 041 | _aeng | ||
| 050 | 1 | 4 | _aTA416 2016 |
| 100 | 3 |
_aAutours: Bouali,Abderrahime ---؛Edited:Hakky,Rafee, _eauthor _95648 |
|
| 245 | 0 | 0 | _aTuning Middle East and North Africa: Reference Points for the Design and Delivery of Degree Programmes in Architecture |
| 264 | 3 | 1 | _aBilbao: Universite de Deusto,2016 |
| 300 | _a225p | ||
| 336 |
_atext _btxt _2rdacontent |
||
| 337 |
_aunmediated _bn _2rdamedia |
||
| 338 |
_avolume _bnc _2rdacarrier |
||
| 650 | 4 |
_aEngineering - Teaching and Teaching _95649 |
|
| 999 |
_aE2922 _c2920 _d2920 |
||